[Event "RSFSR-ch"]
[Site "Sverdlovsk"]
[Date "1985.??.??"]
[Round "?"]
[White "Dvoirys, Semen I"]
[Black "Lutikov, Anatoly S"]
[Result "0-1"]
[WhiteElo "2450"]
[BlackElo "2400"]
[PlyCount "100"]
[EventDate "1986.06.??"]
[EventType "tourn"]
[EventRounds "17"]
[EventCountry "URS"]
[EventCategory "5"]
[SourceTitle "EXT 2015"]
[Source "ChessBase"]
[SourceDate "2014.11.20"]
[SourceVersion "1"]
[SourceVersionDate "2014.11.20"]
[SourceQuality "1"]

1. e4 e5 2. Nf3 Nc6 3. Bb5 a6 4. Ba4 Nf6 5. 0-0 Nxe4 6. d4 b5 7. Bb3 d5 8. dxe5 Ne7 9. Ng5 Nxg5 10. Bxg5 c6 11. a4 Be6 12. Nc3 h6 13. Be3 b4 14. Ne2 Qc7 15. a5 Nf5 16. Bb6 Qxe5 17. Ba4 Rc8 18. Re1 Qd6 19. Nd4 Nxd4 20. Qxd4 Kd7 21. c4 bxc3 22. Qxc3 Qb4 23. Qd3 Qc4 24. Qd1 Bd6 25. b3 Qb4 26. Rc1 Bf4 27. Rc2 h5 28. g3 Bd6 29. Qc1 Ke7 30. Bxc6 h4 31. Qg5+ Kf8 32. Rcc1 hxg3 33. hxg3 Be7 34. Qe5 Bd6 35. Qg5 Be7 36. Qe5 Bd6 37. Qe2 Kg8 38. Qxa6 Qg4 39. Qe2 Qh3 40. Qf3 Qh2+ 41. Kf1 Ba3 42. Rc2 Rh6 43. Ke2 Qh3 44. Qf4 Bf5 45. Rh1 Qxh1 46. Qxf5 Rcxc6 47. a6 Rhe6+ 48. Be3 d4 49. a7 Rxc2+ 50. Qxc2 Qb7 0-1

[Event "RSFSR-ch"]
[Site "Bryansk"]
[Date "1984.06.??"]
[Round "?"]
[White "Lutikov, Anatoly S"]
[Black "Dvoirys, Semen I"]
[Result "0-1"]
[WhiteElo "2410"]
[BlackElo "2485"]
[PlyCount "84"]
[EventDate "1984.06.??"]
[EventType "tourn"]
[EventRounds "17"]
[EventCountry "RUS"]
[SourceTitle "EXT 2006"]
[Source "ChessBase"]
[SourceDate "2005.11.24"]
[SourceVersion "1"]
[SourceVersionDate "2005.11.24"]
[SourceQuality "1"]

1. e4 c5 2. Nf3 d6 3. d4 cxd4 4. Nxd4 Nf6 5. Nc3 a6 6. Be3 e6 7. a4 Nbd7 8. Nb3 b6 9. Bd3 Bb7 10. 0-0 Be7 11. f4 Nc5 12. f5 exf5 13. exf5 Nxb3 14. cxb3 d5 15. Bd4 0-0 16. Bc2 Bc5 17. a5 Rc8 18. Kh1 bxa5 19. Bxc5 Rxc5 20. Qd4 Rc8 21. Bd3 Re8 22. Rf4 Ne4 23. f6 Nxf6 24. Raf1 Rc6 25. Qf2 Qb6 26. Rd4 Rce6 27. Na4 Qc7 28. Rf4 Bc8 29. Nc3 Qe5 30. Qh4 h6 31. Rf5 Qe3 32. R5f3 Qg5 33. Qd4 Re1 34. h3 Rxf1+ 35. Bxf1 Qe5 36. Qa4 d4 37. Ne2 Bb7 38. Rd3 Qg5 39. Rg3 Qd2 40. Qxd4 Qe1 41. Kg1 Rxe2 42. Qxf6 Qxg3 0-1

[Event "RSFSR-ch"]
[Site "Bryansk"]
[Date "1984.06.??"]
[Round "?"]
[White "Lutikov, Anatoly S"]
[Black "Kaidanov, Gregory S"]
[Result "1-0"]
[WhiteElo "2410"]
[BlackElo "2390"]
[PlyCount "82"]
[EventDate "1984.06.??"]
[EventType "tourn"]
[EventRounds "17"]
[EventCountry "RUS"]
[SourceTitle "EXT 2006"]
[Source "ChessBase"]
[SourceDate "2005.11.24"]
[SourceVersion "1"]
[SourceVersionDate "2005.11.24"]
[SourceQuality "1"]

1. e4 e5 2. Nf3 Nc6 3. Bb5 a6 4. Ba4 Nf6 5. 0-0 Nxe4 6. d4 b5 7. Bb3 d5 8. dxe5 Be6 9. Nbd2 Nc5 10. c3 Be7 11. Bc2 Bg4 12. h3 Bh5 13. b4 Ne6 14. Re1 0-0 15. a4 d4 16. Be4 dxc3 17. Bxc6 Nd4 18. Be4 cxd2 19. Bxd2 Nxf3+ 20. gxf3 Rb8 21. axb5 axb5 22. Qc2 Kh8 23. Ra7 f6 24. Rd1 fxe5 25. Bg5 Qxd1+ 26. Qxd1 Bxg5 27. Rxc7 Rbd8 28. Qe2 Be8 29. Qc2 Bd2 30. Qc5 Rg8 31. Qe7 Rd4 32. Qxe5 Rxb4 33. Qd6 Rb2 34. Bd5 Bb4 35. Qe5 Rb1+ 36. Kg2 Re1 37. Qf4 Bf8 38. Rc8 Re7 39. Qb8 Bf7 40. Ba8 b4 41. Rxf8 Be8 1-0

[Event "RSFSR-ch"]
[Site "Bryansk"]
[Date "1984.06.??"]
[Round "?"]
[White "Lutikov, Anatoly S"]
[Black "Lisenko, Alexander V"]
[Result "1/2-1/2"]
[WhiteElo "2410"]
[BlackElo "2295"]
[PlyCount "57"]
[EventDate "1984.06.??"]
[EventType "tourn"]
[EventRounds "17"]
[EventCountry "RUS"]
[SourceTitle "EXT 2006"]
[Source "ChessBase"]
[SourceDate "2005.11.24"]
[SourceVersion "1"]
[SourceVersionDate "2005.11.24"]
[SourceQuality "1"]

1. e4 c5 2. Nf3 Nc6 3. Bb5 g6 4. c3 Nf6 5. e5 Nd5 6. 0-0 Bg7 7. d4 cxd4 8. cxd4 d6 9. Nc3 Nxc3 10. bxc3 0-0 11. exd6 Qxd6 12. a4 Rd8 13. Ba3 Qc7 14. Re1 e6 15. Qe2 b6 16. Qc4 Bb7 17. Ng5 a6 18. Bxc6 Qxc6 19. Qxc6 Bxc6 20. Rab1 Rab8 21. Ne4 Bf8 22. Ra1 Bxe4 23. Rxe4 Rbc8 24. Bxf8 Kxf8 25. Re3 Rc4 26. Kf1 Rd5 27. Rb1 Rd6 28. Ra1 Rd5 29. Rb1 1/2-1/2

[Event "URS-chT Republics 16th final B"]
[Site "Moscow"]
[Date "1983.07.24"]
[Round "3"]
[White "Lutikov, Anatoly S"]
[Black "Rashkovsky, Nukhim N"]
[Result "1/2-1/2"]
[WhiteElo "2410"]
[BlackElo "2495"]
[PlyCount "74"]
[EventDate "1983.07.23"]
[EventType "team-tourn"]
[EventRounds "5"]
[EventCountry "URS"]
[SourceTitle "EXT 2020"]
[Source "ChessBase"]
[SourceDate "2019.10.17"]
[SourceVersion "1"]
[SourceVersionDate "2019.10.17"]
[SourceQuality "1"]
[WhiteTeam "Moldova"]
[BlackTeam "Kazakhstan"]
[WhiteTeamCountry "MDA"]
[BlackTeamCountry "KAZ"]

1. e4 c5 2. Nf3 d6 3. d4 cxd4 4. Nxd4 Nf6 5. Nc3 a6 6. g3 e6 7. Bg2 Bd7 8. 0-0 Nc6 9. Nxc6 Bxc6 10. Bf4 Qb6 11. Rb1 Be7 12. Re1 0-0 13. Nd5 Bxd5 14. exd5 e5 15. Be3 Qa5 16. a3 Rac8 17. c3 Nd7 18. f4 Bf6 19. Bh3 Rc7 20. b4 Qxa3 21. Ra1 Qxc3 22. Rc1 exf4 23. gxf4 Qxb4 24. Rxc7 Nc5 25. Kh1 Qa5 26. Rc8 Rxc8 27. Bxc8 Nd3 28. Qxd3 Qxe1+ 29. Kg2 Qb4 30. Bd2 Qb2 31. Kf3 g6 32. Ke2 a5 33. Bd7 Qa1 34. Qc4 Qh1 35. Qc8+ Kg7 36. Qxb7 Qxh2+ 37. Kd3 Qf2 1/2-1/2

[Event "Minsk Sokolsky Memorial-12"]
[Site "Minsk"]
[Date "1982.11.??"]
[Round "?"]
[White "Lutikov, Anatoly S"]
[Black "Yuferov, Sergey N"]
[Result "1/2-1/2"]
[WhiteElo "2390"]
[BlackElo "2430"]
[PlyCount "80"]
[EventDate "1982.11.17"]
[EventType "tourn"]
[EventRounds "15"]
[EventCountry "URS"]
[SourceTitle "EXT 2010"]
[Source "ChessBase"]
[SourceDate "2010.11.25"]
[SourceVersion "1"]
[SourceVersionDate "2010.11.25"]
[SourceQuality "1"]

1. e4 c5 2. Nf3 d6 3. d4 cxd4 4. Nxd4 Nf6 5. Nc3 a6 6. Bg5 e6 7. f4 Qb6 8. Qd2 Qxb2 9. Nb3 Nbd7 10. Bd3 Be7 11. 0-0 Qa3 12. Rae1 h6 13. Bh4 Nc5 14. e5 Nxb3 15. cxb3 dxe5 16. fxe5 Nd7 17. Bxe7 Qxe7 18. Bc2 0-0 19. Qd3 f5 20. exf6 Nxf6 21. Re3 Qc5 22. b4 Qb6 23. Rff3 Bd7 24. Kh1 Rac8 25. Rg3 Rf7 26. Ref3 Bb5 27. Qg6 Qd4 28. h3 Kf8 29. Kh2 Be8 30. Ne2 Qd6 31. a3 Rcc7 32. Nc3 h5 33. Ne4 Nxe4 34. Qxg7+ Ke7 35. Rxf7+ Bxf7 36. Bxe4 Qf4 37. Qg5+ Qxg5 38. Rxg5 Kf6 39. Rc5 Rd7 40. Bf3 e5 1/2-1/2

[Event "Smolensk tt"]
[Site "Smolensk"]
[Date "1982.04.??"]
[Round "?"]
[White "Kholmov, Ratmir D"]
[Black "Lutikov, Anatoly S"]
[Result "1-0"]
[WhiteElo "2495"]
[BlackElo "2390"]
[PlyCount "67"]
[EventDate "1982.04.??"]
[EventType "team-tourn"]
[EventRounds "9"]
[EventCountry "URS"]
[SourceTitle "EXT 2011"]
[Source "ChessBase"]
[SourceDate "2010.11.26"]
[SourceVersion "1"]
[SourceVersionDate "2010.11.26"]
[SourceQuality "1"]

1. e4 c5 2. Nf3 d6 3. d4 cxd4 4. Nxd4 Nf6 5. Nc3 e6 6. g3 Be7 7. Bg2 0-0 8. 0-0 Bd7 9. Be3 Nc6 10. Nxc6 Bxc6 11. a4 a6 12. a5 Rc8 13. Bb6 Qe8 14. Qe2 Nd7 15. Bd4 Bd8 16. Rfd1 f5 17. exf5 exf5 18. Qxe8 Rxe8 19. Nd5 Kf7 20. c4 Nc5 21. Ra3 Ne4 22. Ne3 g6 23. b4 h5 24. h4 Be7 25. Bf1 Bd7 26. Nd5 Be6 27. Nb6 Rc7 28. Kg2 Bf8 29. Re3 Bh6 30. Re2 Bf8 31. f3 Bxc4 32. Nxc4 Rxc4 33. fxe4 fxe4 34. Rf2+ 1-0

[Event "Moscow-ch60"]
[Site "Moscow"]
[Date "1982.02.??"]
[Round "?"]
[White "Lutikov, Anatoly S"]
[Black "Rashkovsky, Nukhim N"]
[Result "1/2-1/2"]
[WhiteElo "2390"]
[BlackElo "2515"]
[PlyCount "31"]
[EventDate "1982.02.??"]
[EventType "tourn"]
[EventRounds "17"]
[EventCountry "URS"]
[EventCategory "8"]
[SourceTitle "MCD"]
[Source "ChessBase"]
[SourceDate "1999.07.01"]
[SourceVersion "1"]
[SourceVersionDate "1999.07.01"]
[SourceQuality "1"]

1. e4 c5 2. c3 Nf6 3. e5 Nd5 4. d4 cxd4 5. Qxd4 e6 6. Bd3 Nc6 7. Qe4 d6 8. exd6 Bxd6 9. Nf3 f5 10. Qe2 0-0 11. 0-0 Nf4 12. Bxf4 Bxf4 13. Na3 Qf6 14. Rfe1 Bd7 15. Nc4 Rad8 16. Nce5 1/2-1/2

[Event "Moscow-ch60"]
[Site "Moscow"]
[Date "1982.02.??"]
[Round "?"]
[White "Vasiukov, Evgeni"]
[Black "Lutikov, Anatoly S"]
[Result "1/2-1/2"]
[WhiteElo "2495"]
[BlackElo "2390"]
[PlyCount "49"]
[EventDate "1982.02.??"]
[EventType "tourn"]
[EventRounds "17"]
[EventCountry "URS"]
[EventCategory "8"]
[SourceTitle "MCD"]
[Source "ChessBase"]
[SourceDate "1999.07.01"]
[SourceVersion "1"]
[SourceVersionDate "1999.07.01"]
[SourceQuality "1"]

1. e4 e5 2. Nf3 Nc6 3. Bb5 a6 4. Ba4 Nf6 5. 0-0 Nxe4 6. d4 b5 7. Bb3 d5 8. dxe5 Be6 9. Nbd2 Be7 10. Qe2 Nc5 11. Rd1 0-0 12. c3 Qd7 13. Bc2 f6 14. exf6 Bxf6 15. Nb3 Na4 16. Rb1 Bf5 17. Be3 Rfe8 18. Bxf5 Qxf5 19. Qd2 Rad8 20. Nbd4 Qd7 21. Ne2 Qf7 22. Ned4 Qd7 23. Ne2 Qf7 24. Ned4 Qd7 25. Ne2 1/2-1/2

[Event "URS-ch49 Semifinal"]
[Site "Beltsy"]
[Date "1981.07.??"]
[Round "?"]
[White "Vasiukov, Evgeni"]
[Black "Lutikov, Anatoly S"]
[Result "1-0"]
[WhiteElo "2545"]
[BlackElo "2430"]
[PlyCount "67"]
[EventDate "1981.07.01"]
[EventType "tourn"]
[EventRounds "15"]
[EventCountry "URS"]
[EventCategory "7"]
[SourceTitle "EXT 2002"]
[Source "ChessBase"]
[SourceDate "2001.11.25"]
[SourceVersion "1"]
[SourceVersionDate "2001.11.25"]
[SourceQuality "1"]

1. e4 c5 2. Nf3 e6 3. d3 d6 4. g3 g6 5. Bg2 Bg7 6. 0-0 Ne7 7. c3 0-0 8. d4 e5 9. dxe5 dxe5 10. Na3 Nbc6 11. Qe2 b6 12. Be3 Qc7 13. Nb5 Qb8 14. Rfd1 Ba6 15. a4 h6 16. Nh4 Rd8 17. Rf1 Qd6 18. Qc2 Bxb5 19. axb5 Na5 20. Rfd1 Qc7 21. Qa4 Rxd1+ 22. Rxd1 Rd8 23. Rxd8+ Qxd8 24. Bf1 Nc8 25. Nf3 Qc7 26. Nd2 Bf8 27. Qa2 Qd7 28. h4 Nb7 29. Kh2 Nbd6 30. Qd5 Ne7 31. Qxe5 Nxb5 32. Bxb5 Qxb5 33. Bd4 f6 34. Qe6+ 1-0

[Event "URS-chT Republics 15th final A"]
[Site "Moscow"]
[Date "1981.05.??"]
[Round "5.1"]
[White "Spassky, Boris Vasilievich"]
[Black "Lutikov, Anatoly S"]
[Result "1-0"]
[WhiteElo "2635"]
[BlackElo "2430"]
[PlyCount "101"]
[EventDate "1981.05.16"]
[EventType "team-tourn"]
[EventRounds "9"]
[EventCountry "URS"]
[SourceTitle "EXT 2015"]
[Source "ChessBase"]
[SourceDate "2014.11.20"]
[SourceVersion "1"]
[SourceVersionDate "2014.11.20"]
[SourceQuality "1"]
[WhiteTeam "Russia"]
[BlackTeam "Moldova"]
[WhiteTeamCountry "RUS"]
[BlackTeamCountry "MDA"]

1. e4 e5 2. Nf3 Nc6 3. Bb5 a6 4. Ba4 Nf6 5. 0-0 d6 6. c3 Bg4 7. d3 Nd7 8. h3 Bh5 9. Nbd2 Nc5 10. Bc2 d5 11. Re1 Be7 12. Qe2 dxe4 13. dxe4 Ne6 14. Nf1 Ng5 15. Bxg5 Bxg5 16. Ba4 Bxf3 17. Bxc6+ bxc6 18. Qxf3 0-0 19. Rad1 Qe7 20. Ne3 Qe6 21. b3 Rfd8 22. Nc4 Be7 23. Rxd8+ Rxd8 24. Rd1 Rxd1+ 25. Qxd1 g6 26. Qg4 Qxg4 27. hxg4 f6 28. Kf1 Kf7 29. Na5 c5 30. Ke2 Ke6 31. Kd3 Kd6 32. Nc4+ Kd7 33. Ne3 Kd6 34. Nc4+ Ke6 35. Na5 Kd6 36. Kc4 Bf8 37. f3 Be7 38. a3 Bf8 39. b4 cxb4 40. cxb4 c6 41. Nb7+ Kc7 42. Nc5 Be7 43. a4 Kb6 44. g5 fxg5 45. Nd7+ Kc7 46. Nxe5 Kb6 47. Nd7+ Ka7 48. e5 a5 49. bxa5 Ka6 50. Nf6 Kxa5 51. Ng8 1-0

[Event "Minsk Sokolsky Memorial-11"]
[Site "Minsk"]
[Date "1981.04.??"]
[Round "14"]
[White "Lutikov, Anatoly S"]
[Black "Begun, Sergei M"]
[Result "1/2-1/2"]
[WhiteElo "2430"]
[BlackElo "2385"]
[PlyCount "48"]
[EventDate "1981.04.04"]
[EventType "tourn"]
[EventRounds "15"]
[EventCountry "URS"]
[EventCategory "5"]
[SourceTitle "MCD"]
[Source "ChessBase"]
[SourceDate "1999.07.01"]
[SourceVersion "1"]
[SourceVersionDate "1999.07.01"]
[SourceQuality "1"]

1. d4 d5 2. c4 dxc4 3. e4 e5 4. Nf3 Bb4+ 5. Nbd2 exd4 6. Bxc4 Nc6 7. 0-0 Bxd2 8. Qxd2 Nge7 9. b4 a6 10. Bb2 0-0 11. Nxd4 Nxd4 12. Qxd4 Qxd4 13. Bxd4 Be6 14. Bxe6 fxe6 15. Bc5 Rf7 16. Rfd1 Nc6 17. a3 Rd8 18. Rxd8+ Nxd8 19. Rd1 Nc6 20. f3 g6 21. Kf2 Kg7 22. Ke2 Kf6 23. h4 e5 24. Rh1 Rd7 1/2-1/2

[Event "Minsk Sokolsky Memorial-11"]
[Site "Minsk"]
[Date "1981.04.??"]
[Round "10"]
[White "Lutikov, Anatoly S"]
[Black "Vetemaa, Juri"]
[Result "1-0"]
[WhiteElo "2430"]
[BlackElo "2285"]
[PlyCount "79"]
[EventDate "1981.04.04"]
[EventType "tourn"]
[EventRounds "15"]
[EventCountry "URS"]
[EventCategory "5"]
[SourceTitle "MCD"]
[Source "ChessBase"]
[SourceDate "1999.07.01"]
[SourceVersion "1"]
[SourceVersionDate "1999.07.01"]
[SourceQuality "1"]

1. d4 Nf6 2. c4 g6 3. Nc3 Bg7 4. e4 d6 5. f4 0-0 6. Nf3 c5 7. dxc5 Qa5 8. Bd3 Qxc5 9. Qe2 Nc6 10. Be3 Qh5 11. h3 Bg4 12. 0-0 Bxf3 13. Rxf3 Nd7 14. Qd2 Bd4 15. Nd5 e5 16. f5 Qg5 17. Qf2 Bxe3 18. Rxe3 Nb6 19. Rg3 Qd8 20. Qd2 Kh8 21. Rf1 Rg8 22. fxg6 fxg6 23. Qh6 Rg7 24. Rgf3 Nxd5 25. exd5 Nd4 26. R3f2 Qe8 27. Be4 Kg8 28. Rf6 Rd8 29. c5 Qe7 30. cxd6 Rxd6 31. R6f2 Qd8 32. Rc1 Rdd7 33. Kh2 Nb5 34. d6 Nxd6 35. Bd5+ Kh8 36. Be6 Rde7 37. Bg4 Rc7 38. Rxc7 Qxc7 39. Rf8+ Rg8 40. Be6 1-0

[Event "MDA-ch"]
[Site "Kishinev"]
[Date "1980.??.??"]
[Round "?"]
[White "Lutikov, Anatoly S"]
[Black "Chebanenko, Vecheslav"]
[Result "1-0"]
[WhiteElo "2425"]
[BlackElo "2410"]
[PlyCount "67"]
[EventDate "1980.??.??"]
[EventType "tourn"]
[EventRounds "13"]
[EventCountry "URS"]
[SourceTitle "EXT 2002"]
[Source "ChessBase"]
[SourceDate "2001.11.25"]
[SourceVersion "1"]
[SourceVersionDate "2001.11.25"]
[SourceQuality "1"]

1. d4 d6 2. Nf3 Nf6 3. c4 c6 4. Nc3 Nbd7 5. e4 e5 6. Be2 g6 7. 0-0 Bg7 8. d5 0-0 9. dxc6 Nc5 10. c7 Qxc7 11. Nd2 a5 12. b3 b6 13. Ba3 Bb7 14. Bf3 Bh6 15. Re1 Bc6 16. Nf1 Rad8 17. Bc1 Bxc1 18. Rxc1 Qb7 19. Ng3 Kg7 20. Qd2 h6 21. Red1 Ne6 22. Qe3 Nc5 23. Rd2 Qe7 24. Bd1 Rh8 25. a3 Rb8 26. b4 Ne6 27. Nd5 Qd8 28. Nxf6 Kxf6 29. Bg4 Qe7 30. Bxe6 Qxe6 31. Rcd1 Qxc4 32. Rxd6+ Ke7 33. Qf3 f5 34. Rxg6 1-0

[Event "URS"]
[Site "Soviet Union"]
[Date "1979.??.??"]
[Round "?"]
[White "Beliavsky, Alexander G"]
[Black "Lutikov, Anatoly S"]
[Result "1-0"]
[WhiteElo "2595"]
[BlackElo "2515"]
[PlyCount "117"]
[EventDate "1979.??.??"]
[EventType "game"]
[EventRounds "9"]
[EventCountry "URS"]
[SourceTitle "EXT 2010"]
[Source "ChessBase"]
[SourceDate "2010.11.25"]
[SourceVersion "1"]
[SourceVersionDate "2010.11.25"]
[SourceQuality "1"]

1. e4 e5 2. Nf3 Nc6 3. Bb5 a6 4. Ba4 d6 5. c3 Bd7 6. d4 g6 7. Be3 Nf6 8. Nbd2 Ng4 9. Bg5 Be7 10. Bxe7 Qxe7 11. 0-0 0-0 12. Re1 Nf6 13. h3 Rfe8 14. Bb3 Na5 15. Bc2 c5 16. d5 Rec8 17. b3 Nh5 18. Nf1 Nf4 19. Ne3 b5 20. Kh2 Kh8 21. Ng1 Rf8 22. g3 Nh5 23. Ng2 Qg5 24. Re3 Qh6 25. Qd2 f5 26. exf5 gxf5 27. f4 Nf6 28. Re2 Nb7 29. fxe5 Ng4+ 30. Kh1 Qxd2 31. Rxd2 Nxe5 32. Rf1 a5 33. Ne3 c4 34. bxc4 b4 35. Rdf2 Nc5 36. Kg2 bxc3 37. Ne2 Ncd3 38. Bxd3 Nxd3 39. Rf3 Ne5 40. Rf4 Rfe8 41. Nxc3 Nd3 42. R4f3 Ne5 43. R3f2 Rac8 44. Rb1 Nd3 45. Rf3 Ne5 46. Rb6 Rcd8 47. Rxd6 f4 48. gxf4 Nxf3 49. Kxf3 Bg4+ 50. hxg4 Rxd6 51. g5 Rg6 52. Ne4 Rb6 53. c5 Rb4 54. Nd6 Re7 55. c6 a4 56. Ndc4 Rc7 57. a3 Rb5 58. Ke4 Rc5 59. Ne5 1-0

[Event "URS"]
[Site "Soviet Union"]
[Date "1979.??.??"]
[Round "?"]
[White "Lutikov, Anatoly S"]
[Black "Lerner, Konstantin Z"]
[Result "0-1"]
[WhiteElo "2515"]
[BlackElo "2475"]
[PlyCount "142"]
[EventDate "1979.??.??"]
[EventType "game"]
[EventRounds "9"]
[EventCountry "URS"]
[SourceTitle "EXT 2010"]
[Source "ChessBase"]
[SourceDate "2010.11.25"]
[SourceVersion "1"]
[SourceVersionDate "2010.11.25"]
[SourceQuality "1"]

1. e4 c5 2. Nf3 d6 3. d4 cxd4 4. Nxd4 Nf6 5. Nc3 Nc6 6. Bg5 e6 7. Qd2 a6 8. 0-0-0 Bd7 9. f4 b5 10. Bxf6 gxf6 11. Nxc6 Bxc6 12. Bd3 Qb6 13. Rhf1 Qc5 14. Rde1 0-0-0 15. Rf3 Kb8 16. Rh3 h5 17. Kb1 b4 18. Bxa6 Qb6 19. Bc4 d5 20. Nxd5 exd5 21. exd5 Bd7 22. Rd3 Rc8 23. Bb3 Bd6 24. g3 h4 25. Rde3 hxg3 26. hxg3 Rce8 27. Rxe8+ Rxe8 28. Rxe8+ Bxe8 29. Qe1 Bd7 30. c3 bxc3 31. bxc3 Ba3 32. Kc2 Bf5+ 33. Kd2 Qb5 34. Qe3 Bc5 35. Qf3 Kc7 36. g4 Bb1 37. Kc1 Qd3 38. Qxd3 Bxd3 39. Kd2 Bf1 40. d6+ Bxd6 41. Ke3 Bh3 42. g5 f5 43. Bxf7 Bc5+ 44. Kf3 Bg4+ 45. Kg3 Kd7 46. a4 Bb6 47. Bg6 Ke7 48. Kg2 Ke6 49. Kg3 Ba5 50. c4 Bb6 51. Be8 Be2 52. Bb5 Bh5 53. c5 Bxc5 54. Bc4+ Ke7 55. a5 Ba7 56. Bd3 Bg6 57. Ba6 Kd6 58. Bb7 Kc5 59. a6 Kd4 60. Kf3 Bh5+ 61. Kg3 Ke3 62. Bc8 Bg6 63. Bd7 Bb8 64. Bc8 Bxf4+ 65. Kh4 Bb8 66. Bxf5 Bxf5 67. Kh5 Bd3 68. g6 Bxa6 69. g7 Bc4 70. Kg6 Bg8 71. Kf6 Bd6 0-1

[Event "Tbilisi"]
[Site "Tbilisi"]
[Date "1979.??.??"]
[Round "?"]
[White "Lutikov, Anatoly S"]
[Black "Romanishin, Oleg M"]
[Result "1/2-1/2"]
[WhiteElo "2515"]
[BlackElo "2560"]
[PlyCount "85"]
[EventDate "1979.??.??"]
[EventType "tourn"]
[EventRounds "13"]
[EventCountry "URS"]
[EventCategory "8"]
[SourceTitle "EXT 2002"]
[Source "ChessBase"]
[SourceDate "2001.11.25"]
[SourceVersion "1"]
[SourceVersionDate "2001.11.25"]
[SourceQuality "1"]

1. e4 c5 2. Nc3 d6 3. g3 Nc6 4. Bg2 g6 5. d3 Bg7 6. Nge2 Nf6 7. 0-0 0-0 8. f4 Nd4 9. h3 Nd7 10. f5 b5 11. g4 Bb7 12. Nf4 Be5 13. Kh1 e6 14. Nce2 Qh4 15. Ng1 exf5 16. gxf5 g5 17. Nfe2 Nxe2 18. Qxe2 Kh8 19. Nf3 Qh5 20. Qd1 f6 21. Nxe5 Qxd1 22. Nf7+ Rxf7 23. Rxd1 Re7 24. b3 Kg7 25. Bb2 h5 26. c4 bxc4 27. bxc4 Bc6 28. Bf3 Ne5 29. Bxe5 Rxe5 30. Kg2 Rb8 31. Rd2 Kh6 32. Re1 Re7 33. d4 cxd4 34. Rxd4 Rb2+ 35. Kf1 g4 36. hxg4 hxg4 37. Bxg4 Kg5 38. Bf3 Kf4 39. Be2 Ke5 40. Rd5+ Kf4 41. Rd4 Ke5 42. Rd5+ Kf4 43. Rd4 1/2-1/2